[Event "FRA-chT4 0203"]
[Site "Champagne Ardenne"]
[Date "2003.03.16"]
[Round "6"]
[White "Delmont, Jean Robert"]
[Black "Briy, Olivier"]
[Result "1-0"]
[WhiteElo "2016"]
[BlackElo "2000"]
[PlyCount "53"]
[EventDate "2002.10.02"]
[EventType "team-tourn"]
[EventRounds "7"]
[EventCountry "FRA"]
[SourceTitle "EXT 2005"]
[Source "ChessBase"]
[SourceDate "2004.11.15"]
[SourceVersion "1"]
[SourceVersionDate "2004.11.15"]
[SourceQuality "1"]

1. d4 Nf6 2. c4 e6 3. Nc3 c5 4. d5 exd5 5. cxd5 d6 6. e4 g6 7. f4 Bg7 8. e5 dxe5 9. fxe5 Nfd7 10. e6 fxe6 11. dxe6 Bxc3+ 12. bxc3 Qe7 13. Nf3 Qxe6+ 14. Be2 0-0 15. 0-0 Nb6 16. Bh6 N8d7 17. Bxf8 Nxf8 18. Qd2 Qe7 19. Rae1 Be6 20. Ng5 Rd8 21. Qe3 Re8 22. Bb5 Bd7 23. Qxe7 Rxe7 24. Rxe7 Bxb5 25. Rff7 Bc4 26. Rg7+ Kh8 27. Nxh7 1-0

[Event "FRA-chT"]
[Site "France"]
[Date "1989.??.??"]
[Round "?"]
[White "Briy, Olivier"]
[Black "Cairou, Yannick"]
[Result "1-0"]
[WhiteElo "1950"]
[BlackElo "1980"]
[PlyCount "76"]
[EventDate "1989.??.??"]
[EventType "team-tourn"]
[EventRounds "11"]
[EventCountry "FRA"]
[SourceTitle "TD"]
[Source "ChessBase"]
[SourceDate "1994.03.01"]
[SourceVersion "1"]
[SourceVersionDate "1994.03.01"]
[SourceQuality "1"]

1. e4 e6 2. d4 d5 3. Nc3 Bb4 4. e5 c5 5. a3 Bxc3+ 6. bxc3 Ne7 7. Qg4 0-0 8. Nf3 Nbc6 9. Bd3 f5 10. exf6 Rxf6 11. Qh5 h6 12. 0-0 c4 13. Be2 Qa5 14. Bd2 Bd7 15. Ne5 Be8 16. Qg4 Nf5 17. Nxc6 Bxc6 18. Qf4 Raf8 19. Qe5 Qd8 20. Bg4 Nd6 21. f3 Kh8 22. Rfe1 Nf7 23. Qg3 Bd7 24. Qh3 Qe7 25. Qg3 Nd6 26. a4 Ne8 27. a5 g5 28. Rab1 Bc8 29. Qh3 Ng7 30. Bxg5 Qa3 31. Bxf6 Rxf6 32. f4 Qxa5 33. Re2 Qc7 34. Re5 Qe7 35. Rbe1 Kg8 36. Bh5 Qf8 37. Bg4 Rxf4 38. g3 Rf2 1-0